00701nai a2200181Ia 4500003000900000008004100009022002200050022002300072040001600095245004500111260008600156310001400242362002500256521006900281650003000350650004600380856009300426IN-BaIIA211028c9999 xx s 000 0 eng d a1932-4510 (Print) a1942-7808 (Online) cIIA Library 0aIEEE Nanotechnology Magazineh[eJournal] aNew York, USAbThe Institute of Electrical and Electronics Engineers, Inc. (IEEE) aQuarterly a1(1); 2007 - Present bSubscribed through National Knowledge Resource Consortium (NKRC) a Computing and Processing aComponents, Circuits, Devices and Systems uhttps://ieeexplore.ieee.org/servlet/opac?punumber=4451717yClick Here to Access eJournal